Petroleum and organic chemicals industries (Record no. 83570)

MARC details
000 -LEADER
fixed length control field 01096nam a2200301 a 4500
003 - CONTROL NUMBER IDENTIFIER
control field CBULib
005 - DATE AND TIME OF LATEST TRANSACTION
control field 20231205083610.0
008 - FIXED-LENGTH DATA ELEMENTS--GENERAL INFORMATION
fixed length control field 120416s1984 xx |||||||||||||| || u
020 ## - INTERNATIONAL STANDARD BOOK NUMBER
International Standard Book Number 0273085883
040 ## - CATALOGING SOURCE
Original cataloging agency CBULib
Language of cataloging English
Transcribing agency CBULib
Modifying agency CBULib
Description conventions rda
050 ## - LIBRARY OF CONGRESS CALL NUMBER
Classification number TD 897 Sur
100 1# - MAIN ENTRY--PERSONAL NAME
Personal name Barnes, D.
9 (RLIN) 1226
Dates associated with a name 1945-
Fuller form of name (David),
245 10 - TITLE STATEMENT
Title Petroleum and organic chemicals industries
Statement of responsibility, etc / edited by D. Barnes; C.F. Forster; S.E. Hrudey
260 ## - PUBLICATION, DISTRIBUTION, ETC. (IMPRINT)
Date of publication, distribution, etc 1984
Place of publication, distribution, etc London :
Name of publisher, distributor, etc Pitman Publishing Limited,
300 ## - PHYSICAL DESCRIPTION
Extent xix, 233 pages : illustrations
336 ## - CONTENT TYPE
Source rdacontent
Content type term Text |
Content type code txt
337 ## - MEDIA TYPE
Source rdamedia
Media type term Unmediated |
Media type code n
338 ## - CARRIER TYPE
Source rdacarrier
Carrier type term Volume
Carrier type code nc
490 ## - SERIES STATEMENT
Series statement Surveys in industrial wastewater treatment, volume 2
504 ## - BIBLIOGRAPHY, ETC. NOTE
Bibliography, etc Includes bibliographical references and index.
650 #0 - SUBJECT ADDED ENTRY--TOPICAL TERM
9 (RLIN) 1233
Topical term or geographic name as entry element SEWAGE DISPOSAL
650 #0 - SUBJECT ADDED ENTRY--TOPICAL TERM
9 (RLIN) 1234
Topical term or geographic name as entry element PETROLEUM CHEMICALS INDUSTRY--WASTE DISPOSAL
650 #0 - SUBJECT ADDED ENTRY--TOPICAL TERM
9 (RLIN) 1235
Topical term or geographic name as entry element SYNTHETIC FUELS INDUSTRY--WASTE DISPOSAL
650 #0 - SUBJECT ADDED ENTRY--TOPICAL TERM
9 (RLIN) 1236
Topical term or geographic name as entry element DYE INDUSTRY--WASTE DISPOSAL
700 ## - ADDED ENTRY--PERSONAL NAME
Personal name Forster, C. F
9 (RLIN) 1229
700 ## - ADDED ENTRY--PERSONAL NAME
Personal name Hrudey, S. E
9 (RLIN) 1230
942 ## - ADDED ENTRY ELEMENTS (KOHA)
Source of classification or shelving scheme
Koha item type MONOGRAPH
Holdings
Withdrawn status Lost status Source of classification or shelving scheme Damaged status Not for loan Collection code Permanent Location Current Location Shelving location Date acquired Total Checkouts Full call number Barcode Date last seen Copy number Price effective from Koha item type
          Main Library Open Access Collection CBU-MAIN LIBRARY, KITWE. CBU-MAIN LIBRARY, KITWE. General Stacks 12/05/2023   TD 897 Sur 014901 12/05/2023 1 12/05/2023 MONOGRAPH